000 00326pab a2200145 454500
008 180718b1997 xxu||||| |||| 00| 0 eng d
100 _aKamel, Wadie W.
245 _aHealthy borders 21
260 _c1997
300 _ap.10-11
362 _aMay-Jun
650 _aHealth services
773 _aWorld Health
909 _a35333
999 _c35333
_d35333